000 01172nam0a22003011 4500
001 RU\NLR\INFOCOMM_36\5000227699
005 20250613100949.0
035 _a(NLR Aleph) 009367611
090 _a7901670
_c7901670
100 _a20101213d1981 |||y0rusy50 ca
101 1 _apor
102 _aRU
105 _ay ||||000|y
200 1 _aO programa leninista de solução de questão nacional
_fS. Guilílov
_g[Trad. de Leão Piatigórski]
210 _aM.
_cProgresso
_d1981
215 _a195 с.
_d16 см
225 1 _aBiblioteca de conhecimentos políticos
_vTít. 14
300 _aНа обороте тит. л.: Ленинская программа решения национального вопроса : (Теория вопр. и практика его решения в СССР) / С. Гилилов
606 _aНациональный вопрос
_yСССР
_2nlr_sh1
686 _aТ3(2)7-36
_2rubbk
686 _aА831
_2rubbk
700 1 _9z01790
_aGililov
_bS. S.
_gSolomon Samuilovič
_4070
790 1 _9z01700
_aGuilílov
_bS.
_4070
801 1 _aRU
_bNLR
_c20101213
801 0 _aRU
_bNLR
_gPSBO
852 _aNLR
_jИр51 -1/250
942 _cBOOK
980 _aNB